000 00588nam a2200169 i 4500
001 33872
003 ES-MaACL
007 t|
008 030203s1973 sp ||||1| spa d
100 1 _aBlair, Raymond N.
_929088
245 1 0 _aElementos de ingeniería de sistemas industriales /
_cRaymond N. Blair, C. Wilson Whitston ; traducción y adaptación Adolfo Di Marco.
260 _aMadrid, etc. :
_bPrentice-Hall,
_c[1973]
300 _aXII, 291 p. :
_bil. ;
_c24 cm.
700 1 _aWhitston, C. Wilson.
_9116715
700 1 _aDi Marco, Adolfo.
_944080
852 _aES-MaACL
_jE-7637
_bR.91664
999 _c33872
_d33872